000 00287nam a2200121Ia 4500
008 190216s9999||||xx |||||||||||||| ||und||
100 _aAdoor Gopalakrishnan
245 0 _aMukhamukham
260 _bDc Books Kottayam
_c1986
300 _a132p
650 _aMalayalam Nadakam
942 _cBK
999 _c26744
_d26744